Les trente premières années du CNES, l'Agence Francaise de l'Espace: 1962-1992

-д хадгалсан:
Номзүйн дэлгэрэнгүй
Үндсэн зохиолчид: Carlier, Claude (Зохиогч), Gilli, Marcel (Зохиогч)
Формат: Ном
Хэл сонгох:франц
Хэвлэсэн: París CNES 1994
Цуврал:La Documentation Francaise
Нөхцлүүд:
Шошгууд: Шошго нэмэх
Шошго байхгүй, Энэхүү баримтыг шошголох эхний хүн болох!

MARC

LEADER 00000nam a2200000 a 4500
001 UCL5182
003 CL-VaPUC
008 040305e19940000FR |||||||||||||||||fre|d
020 |a 2110032065 
082 0 4 |a 623.69  |b CAR  |2 21 
100 0 |a Carlier, Claude  |e author  |9 482888 
700 0 |a Gilli, Marcel  |e author  |9 482889 
245 1 4 |a Les trente premières années du CNES, l'Agence Francaise de l'Espace: 1962-1992 
300 |a 352 p 
942 |c BK 
945 |d 20040305 00:00:00  |a cmena 
260 |a París  |b CNES  |c 1994 
650 7 |a INSTALACIONES ESPACIALES  |2 CL-VaPUC  |9 482890 
650 7 |a MISIONES ESPACIALES  |2 CL-VaPUC  |9 482891 
650 0 |a Investigación científica  |9 259857 
651 0 |a Francia  |9 255157 
583 |a last modification  |c 20040305 00:00:00  |k Rodrigo Vera 
490 0 |a La Documentation Francaise 
999 |c 307848  |d 307846